Formálna dimenzia fiškálnej decentralizácie v kontexte vertikálnej fiškálnej nerovnováhy a finančnej autonómie miestnych samospráv Slovenskej republiky

Dimenzie a limity fiškálnej decentralizácie v podmienkach Slovenskej republiky a jej dopad na financovanie miestnych samospráv, s dôrazom na obdobie rokov bezprostredne po jej implementácii až po súčasnosť. Poukázanie na disproporčný vývoj vlastných daňových príjmov v porovnaní s vývojom príjmov z p...

Ausführliche Beschreibung

Gespeichert in:
Bibliographische Detailangaben
1. Verfasser: Maličká, Lenka
Format: Buchkapitel
Sprache:Slowakisch
Schlagworte:
Tags: Tag hinzufügen
Keine Tags, Fügen Sie das erste Tag hinzu!

MARC

LEADER 00000naa a2200000 4500
001 0258100
005 20190909102840.6
041 0 |a slo 
044 |a CZ 
245 1 0 |a Formálna dimenzia fiškálnej decentralizácie v kontexte vertikálnej fiškálnej nerovnováhy a finančnej autonómie miestnych samospráv Slovenskej republiky  |c Lenka Maličká 
520 |a Dimenzie a limity fiškálnej decentralizácie v podmienkach Slovenskej republiky a jej dopad na financovanie miestnych samospráv, s dôrazom na obdobie rokov bezprostredne po jej implementácii až po súčasnosť. Poukázanie na disproporčný vývoj vlastných daňových príjmov v porovnaní s vývojom príjmov z podielových daní a kvantifikovanie vertikálnej fiškálnej nerovnováhy. 
610 2 0 |a Slovensko 
610 2 0 |a decentralizácia fiškálna 
610 2 0 |a decentralizácia 
610 2 0 |a limity 
610 2 0 |a samospráva miestna 
610 2 0 |a financovanie 
100 1 |a Maličká, Lenka